000 00384pab a2200157 454500
008 180718b2010 xxu||||| |||| 00| 0 eng d
100 _aPathak, Dev N.
245 _aHonour and disgrace: meditation for the politics of protest
260 _c2010
300 _ap.19-21.
362 _a16 Jul
650 _aProtest movements
773 _aMainstream
908 _aN
909 _a87142
999 _c87142
_d87142